| 000 | 00805nam a22002177a 4500 | ||
|---|---|---|---|
| 005 | 20150124123717.0 | ||
| 008 | 120814t mx||||| |||| 00| 0 spa d | ||
| 020 | _a9685409528 ( Serie) | ||
| 020 | _a9685409536 (Volumen 1) | ||
| 020 | _a9685409544 (Volumen 2) | ||
| 050 | 0 | 4 |
_aKGF2569.A9 _bS57 2004 |
| 245 | 0 | 0 |
_aOrganización judicial, jurisdicción, acciones, procedimientos e incidentes _c/ Cipriano Gómez Lara ... [et. al.] |
| 250 | _a1a ed. | ||
| 260 |
_aMéxico: _bIURE, _cr2006 |
||
| 300 |
_ap.v. ; _c24 cm. |
||
| 490 | 0 |
_aSistema Juridico Procesal Méxicano _vN° V.1 |
|
| 505 |
_aVolumen 1 : _tOrganización judicial, jurisdicción, acciones, procedimientos e incidentes |
||
| 650 | 7 |
_2Lemb. _aDerecho procesal _zMéxico |
|
| 700 | 1 |
_aGómez Lara, Cipriano, _ecolaborador |
|
| 942 |
_2ddc _cLIB |
||
| 999 |
_c32678 _d32678 |
||